[Event "DSOL 07 Liga Gr-A 1st"]
[Site "Playchess.com INT"]
[Date "2020.07.07"]
[Round "3.2"]
[White "Deckers, Gerald"]
[Black "Meyer, Jessica"]
[Result "1/2-1/2"]
[WhiteElo "1484"]
[BlackElo "1497"]
[PlyCount "64"]
[EventDate "2020.06.22"]
[EventType "team-tourn (rapid)"]
[EventCountry "GER"]
[SourceTitle "EXT 2021"]
[Source "ChessBase"]
[SourceDate "2020.10.23"]
[SourceVersion "1"]
[SourceVersionDate "2020.10.23"]
[SourceQuality "1"]
[WhiteTeam "Hamburger SK IX"]
[BlackTeam "Thuering Foederverein"]
[WhiteTeamCountry "GER"]
[BlackTeamCountry "GER"]

1. d4 Nf6 2. c4 e6 3. Nc3 b6 4. f3 Bb4 5. e4 d5 6. Bg5 h6 7. Bxf6 Qxf6 8. exd5 Bxc3+ 9. bxc3 exd5 10. Qe2+ Qe6 11. cxd5 Qxe2+ 12. Bxe2 0-0 13. Kf2 Bb7 14. c4 Nd7 15. Nh3 Nf6 16. Rhe1 Rad8 17. Rad1 c6 18. dxc6 Bxc6 19. Bf1 Rd7 20. Re5 Rfd8 21. d5 Bb7 22. Nf4 Ba6 23. Rde1 Kf8 24. Rc1 Rc8 25. Ree1 Ne8 26. g3 Nd6 27. c5 Bxf1 28. cxd6 Rxc1 29. Rxc1 Ba6 30. Rc6 g6 31. Rc7 Rxd6 32. Rxa7 Bc4 1/2-1/2

[Event "GER-chT U20 Girls"]
[Site "Osnabrueck"]
[Date "2018.12.28"]
[Round "4.2"]
[White "Joers, Pia Milena"]
[Black "Meyer, Jessica"]
[Result "1-0"]
[WhiteElo "1586"]
[BlackElo "1383"]
[PlyCount "79"]
[EventDate "2018.12.27"]
[EventType "team-swiss"]
[EventRounds "7"]
[EventCountry "GER"]
[SourceTitle "CBM 188 Extra"]
[Source "ChessBase"]
[SourceDate "2019.02.26"]
[SourceVersion "1"]
[SourceVersionDate "2019.02.26"]
[SourceQuality "1"]
[WhiteTeam "Guestrow/Teterow"]
[BlackTeam "Meuselwitz"]
[WhiteTeamCountry "GER"]
[BlackTeamCountry "GER"]

1. d4 Nf6 2. Nf3 e6 3. Bf4 b6 4. c4 Bb7 5. e3 c5 6. Nc3 a6 7. Be2 Be7 8. 0-0 0-0 9. d5 d6 10. e4 e5 11. Bd2 Nbd7 12. Qc2 Qc7 13. a4 Rfb8 14. Ne1 Bc8 15. f4 exf4 16. Bxf4 Ne5 17. Nf3 Nfd7 18. Qd2 h6 19. Rad1 Bf6 20. Bg3 Nxf3+ 21. gxf3 Bd4+ 22. Bf2 Bf6 23. Kh1 Ne5 24. Rg1 Kh7 25. Bg3 Bd7 26. f4 Ng6 27. Bh5 Rf8 28. Rde1 Rae8 29. Rg2 Bh3 30. Rge2 Bd7 31. Qd3 Re7 32. Bxg6+ fxg6 33. Kg1 Bg4 34. Rd2 Rfe8 35. Kg2 Qd7 36. Bf2 Qc8 37. h3 Bh5 38. Bg3 Bxc3 39. bxc3 Rd8 40. Bh4 1-0

[Event "Regionalliga Ost 1617 (Women)"]
[Site "Germany"]
[Date "2017.03.26"]
[Round "5.2"]
[White "Hartung, Katja"]
[Black "Meyer, Jessica"]
[Result "1-0"]
[WhiteElo "1946"]
[BlackElo "1181"]
[PlyCount "53"]
[EventDate "2016.10.23"]
[EventType "team-tourn"]
[EventRounds "5"]
[EventCountry "GER"]
[SourceTitle "EXT 2018"]
[Source "ChessBase"]
[SourceDate "2017.10.13"]
[SourceVersion "1"]
[SourceVersionDate "2017.10.13"]
[SourceQuality "1"]
[WhiteTeam "Merseburg (W)"]
[BlackTeam "Meuselwitz (W)"]
[WhiteTeamCountry "GER"]
[BlackTeamCountry "GER"]

1. e4 c5 2. d4 cxd4 3. c3 d3 4. Bxd3 Nc6 5. Nf3 e6 6. Be3 d6 7. 0-0 Nf6 8. h3 Be7 9. Nbd2 0-0 10. Rc1 a6 11. c4 Nb4 12. Bb1 Qd7 13. Nd4 Nc6 14. N2f3 Rd8 15. a3 b6 16. Nxc6 Qxc6 17. Nd4 Qc7 18. Qc2 Bb7 19. f3 Rac8 20. b4 g6 21. Qf2 Nd7 22. Ba2 Bf6 23. Rfd1 Bxd4 24. Bxd4 b5 25. Qd2 bxc4 26. Bxc4 Qb8 27. Qg5 1-0

[Event "GER-chT U14 Girls"]
[Site "Duesseldorf"]
[Date "2016.12.29"]
[Round "5.3"]
[White "Meyer, Jessica"]
[Black "Henninger, Claire"]
[Result "1/2-1/2"]
[WhiteElo "1166"]
[BlackElo "1033"]
[PlyCount "95"]
[EventDate "2016.12.27"]
[EventType "team-swiss"]
[EventRounds "7"]
[EventCountry "GER"]
[SourceTitle "EXT 2018"]
[Source "ChessBase"]
[SourceDate "2017.10.13"]
[SourceVersion "1"]
[SourceVersionDate "2017.10.13"]
[SourceQuality "1"]
[WhiteTeam "Meuselwitz"]
[BlackTeam "Endingen"]
[WhiteTeamCountry "GER"]
[BlackTeamCountry "GER"]

1. e4 c6 2. d4 d5 3. Nd2 dxe4 4. Nxe4 Bf5 5. Ng3 Bg6 6. Nf3 Nd7 7. Bc4 b5 8. Bb3 Ngf6 9. 0-0 e6 10. Re1 Bd6 11. Bxe6 fxe6 12. Rxe6+ Be7 13. Rxc6 0-0 14. Re6 Bf7 15. Re1 Re8 16. b3 Bb4 17. Bd2 Bxd2 18. Qxd2 Rxe1+ 19. Rxe1 Qc7 20. Ne5 Re8 21. Nxd7 Qxd7 22. Rxe8+ Nxe8 23. Ne4 Bg6 24. Nc5 Qc6 25. h3 Nd6 26. c3 Ne4 27. Qe3 Nxc5 28. dxc5 Qe4 29. Qxe4 Bxe4 30. b4 Kf7 31. Kf1 Ke6 32. f3 Bf5 33. Ke2 Kd5 34. Ke3 Kc4 35. Kd2 Bg6 36. g4 Be8 37. f4 Bd7 38. f5 h5 39. f6 gxf6 40. gxh5 Bf5 41. h6 Kd5 42. Ke3 Ke5 43. h4 Bg6 44. h5 Bb1 45. Kf3 Be4+ 46. Kf2 Kd5 47. Ke3 Bh7 48. a3 1/2-1/2

[Event "GER-chT U14 Girls"]
[Site "Duesseldorf"]
[Date "2016.12.28"]
[Round "4.3"]
[White "Manus, Julia"]
[Black "Meyer, Jessica"]
[Result "1/2-1/2"]
[WhiteElo "969"]
[BlackElo "1166"]
[PlyCount "60"]
[EventDate "2016.12.27"]
[EventType "team-swiss"]
[EventRounds "7"]
[EventCountry "GER"]
[SourceTitle "EXT 2018"]
[Source "ChessBase"]
[SourceDate "2017.10.13"]
[SourceVersion "1"]
[SourceVersionDate "2017.10.13"]
[SourceQuality "1"]
[WhiteTeam "Hemer"]
[BlackTeam "Meuselwitz"]
[WhiteTeamCountry "GER"]
[BlackTeamCountry "GER"]

1. e4 c5 2. Nf3 d6 3. d4 cxd4 4. Nxd4 Nc6 5. Bb5 Bd7 6. Bxc6 bxc6 7. Nc3 e6 8. 0-0 Be7 9. f4 d5 10. e5 f6 11. Kh1 Bc5 12. Nb3 Bb6 13. Na4 Qc7 14. Nxb6 axb6 15. Qe2 f5 16. Be3 c5 17. c3 Ne7 18. Rg1 Nc6 19. g4 g6 20. h4 Qd8 21. Bf2 Qe7 22. Nd2 Kd8 23. b3 Kc7 24. c4 d4 25. Nf3 Bc8 26. Ne1 Bb7 27. Kh2 Rhd8 28. a3 Qf7 29. g5 Kd7 30. Nd3 Ke8 1/2-1/2

[Event "GER-chT U18 Girls"]
[Site "Karlsruhe"]
[Date "2015.05.10"]
[Round "7.2"]
[White "Bohdjalian, Roxanne"]
[Black "Meyer, Jessica"]
[Result "0-1"]
[WhiteElo "1117"]
[BlackElo "1040"]
[PlyCount "54"]
[EventDate "2015.05.07"]
[EventType "team-swiss"]
[EventRounds "7"]
[EventCountry "GER"]
[SourceTitle "EXT 2017"]
[Source "ChessBase"]
[SourceDate "2016.10.25"]
[SourceVersion "1"]
[SourceVersionDate "2016.10.25"]
[SourceQuality "1"]
[WhiteTeam "Voelklingen Warndt (W)"]
[BlackTeam "Meuselwitz (W)"]
[WhiteTeamCountry "GER"]
[BlackTeamCountry "GER"]

1. e4 c5 2. d4 cxd4 3. Qxd4 e6 4. Nc3 Be7 5. Nf3 Nf6 6. Bc4 d6 7. e5 d5 8. exf6 Bxf6 9. Bb5+ Bd7 10. Bxd7+ Nxd7 11. Qe3 Nb6 12. Nb5 a6 13. Nbd4 Nc4 14. Qe2 e5 15. b3 0-0 16. bxc4 exd4 17. Qd3 Re8+ 18. Kf1 dxc4 19. Qxc4 Rc8 20. Qd3 Rc3 21. Qd2 d3 22. cxd3 Rxd3 23. Rb1 Rxd2 24. Bxd2 Qd3+ 25. Kg1 Qxb1+ 26. Be1 Rxe1+ 27. Nxe1 Qxe1# 0-1

[Event "GER-chT U18 Girls"]
[Site "Karlsruhe"]
[Date "2015.05.09"]
[Round "4.2"]
[White "Meyer, Jessica"]
[Black "Surmann, Imke"]
[Result "1-0"]
[WhiteElo "1040"]
[BlackElo "800"]
[PlyCount "49"]
[EventDate "2015.05.07"]
[EventType "team-swiss"]
[EventRounds "7"]
[EventCountry "GER"]
[SourceTitle "EXT 2017"]
[Source "ChessBase"]
[SourceDate "2016.10.25"]
[SourceVersion "1"]
[SourceVersionDate "2016.10.25"]
[SourceQuality "1"]
[WhiteTeam "Meuselwitz (W)"]
[BlackTeam "Lingen Franziskus (W)"]
[WhiteTeamCountry "GER"]
[BlackTeamCountry "GER"]

1. e4 d6 2. d4 Nc6 3. Nf3 Bg4 4. c3 g6 5. Be3 Bg7 6. Nbd2 Nf6 7. h3 Be6 8. d5 Qd7 9. dxe6 Qxe6 10. Qc2 0-0 11. Bc4 Qd7 12. 0-0-0 Na5 13. Be2 d5 14. e5 Ne8 15. Bd4 Bh6 16. g4 g5 17. Rdg1 Rc8 18. b4 Nc4 19. Nxc4 dxc4 20. Bxc4 Qc6 21. Be2 Rd8 22. h4 gxh4+ 23. g5 Bg7 24. Rxh4 b5 25. Qxh7# 1-0

[Event "GER-chT U18 Girls"]
[Site "Karlsruhe"]
[Date "2015.05.09"]
[Round "6.2"]
[White "Traktmann, Daniela"]
[Black "Meyer, Jessica"]
[Result "0-1"]
[WhiteElo "973"]
[BlackElo "1040"]
[PlyCount "28"]
[EventDate "2015.05.07"]
[EventType "team-swiss"]
[EventRounds "7"]
[EventCountry "GER"]
[SourceTitle "EXT 2017"]
[Source "ChessBase"]
[SourceDate "2016.10.25"]
[SourceVersion "1"]
[SourceVersionDate "2016.10.25"]
[SourceQuality "1"]
[WhiteTeam "Berlin Kollwith Gymn (W)"]
[BlackTeam "Meuselwitz (W)"]
[WhiteTeamCountry "GER"]
[BlackTeamCountry "GER"]

1. e4 c5 2. Bc4 e6 3. Nf3 Be7 4. 0-0 d6 5. Nc3 Qc7 6. Nb5 Qc6 7. d3 a6 8. Nc3 b5 9. Bb3 Nd7 10. a3 Ngf6 11. Bf4 Bb7 12. e5 dxe5 13. Bxe5 Nxe5 14. Nxe5 Qxg2# 0-1

[Event "GER-chT U10"]
[Site "Magdeburg"]
[Date "2013.12.28"]
[Round "4.2"]
[White "Meyer, Jessica"]
[Black "Floeter, Nina"]
[Result "1-0"]
[WhiteElo "802"]
[BlackElo "747"]
[PlyCount "106"]
[EventDate "2013.12.27"]
[EventType "team-swiss"]
[EventRounds "5"]
[EventCountry "GER"]
[SourceTitle "EXT 2015"]
[Source "ChessBase"]
[SourceDate "2014.11.20"]
[SourceVersion "1"]
[SourceVersionDate "2014.11.20"]
[SourceQuality "1"]
[WhiteTeam "Meuselwitz"]
[BlackTeam "Bernhausen II"]
[WhiteTeamCountry "GER"]
[BlackTeamCountry "GER"]

1. e4 e5 2. Nf3 Nc6 3. d4 d6 4. dxe5 dxe5 5. Qxd8+ Nxd8 6. Bc4 Bc5 7. Nxe5 Nf6 8. Nc3 0-0 9. 0-0 Ng4 10. Nxg4 Bxg4 11. Nd5 c6 12. Ne3 Bxe3 13. Bxe3 b5 14. Bb3 Be2 15. Rfe1 Bh5 16. h3 a5 17. a4 bxa4 18. Bxa4 Ne6 19. Bxc6 a4 20. Bxa8 Rxa8 21. b3 a3 22. Ra2 Nc7 23. c4 Bg6 24. e5 Ra5 25. Bb6 Ra6 26. Bxc7 Ra7 27. Bb6 Ra6 28. Bd8 Ra8 29. Rd1 Bh5 30. f3 g5 31. Bxg5 h6 32. Bxh6 Kh7 33. Be3 Ra6 34. Rd7 Ra8 35. e6 Bg6 36. e7 Bb1 37. Ra1 Ba2 38. Ba7 Kg6 39. Rb7 f5 40. Bb8 Kf7 41. c5 Ra6 42. b4 f4 43. b5 Re6 44. Bd6 Rg6 45. Rc7 Rg8 46. b6 Rh8 47. b7 Re8 48. Rc8 Bd5 49. Rxe8 Kxe8 50. b8Q+ Kf7 51. Qf8+ Kg6 52. Ra2 Be6 53. Rxa3 Bd7 1-0